Aplicación de conocimientos de control de calidad en el análisis y solución de problemas relacionados a humedad en químicos y un titulador automático , en una empresa de dispositivos médicos
Shranjeno v:
| Glavni avtor: | |
|---|---|
| Format: | Knjiga |
| Jezik: | Spanish |
| Izdano: |
San José, Costa Rica
2016
|
| Teme: | |
| Oznake: |
Označite
Brez oznak, prvi označite!
|
MARC
| LEADER | 00000nam a22000007a 4500 | ||
|---|---|---|---|
| 003 | 012605 | ||
| 005 | 20221231144215.0 | ||
| 008 | 170525b2017 cr a|||| m||| 00| ||spa d | ||
| 040 | |c cru CEDI | ||
| 090 | |a TFG 7756 | ||
| 100 | |9 8575 |a Valerio Cubillo, Nancy | ||
| 245 | |a Aplicación de conocimientos de control de calidad en el análisis y solución de problemas relacionados a humedad en químicos y un titulador automático , en una empresa de dispositivos médicos | ||
| 260 | |a San José, Costa Rica |c 2016 | ||
| 300 | |a ix, 77 hojas ; ilustraciones a color | ||
| 500 | |a Práctica Dirigida (licenciatura en ingeniería química)--Universidad de Costa Rica. Facultad de Ingeniería. Escuela de Ingeniería Química | ||
| 650 | |x CONTROL DE CALIDAD |x PRUEBAS QUIMICAS |x PROCESOS DE MANUFACTURA - CONTROL DE CALIDAD |9 8576 | ||
| 942 | |c TFG | ||
| 999 | |c 18451 |d 18451 | ||
